Clips du top 50 de l'année 2002 - Statistiques

Statistiques générales
  • Ce quiz a été pris 192 fois
  • Le résultat moyen est 5 sur 8
Statistiques - réponses
Par images Réponse % Correct
Jenifer - Au soleil
99%
Renaud et Axelle Red - Manhattan-Kaboul
90%
Lorie - J'ai besoin d'amour
82%
Johnny Hallyday - Marie
76%
MC Solaar - Inch'Allah
64%
Natasha St-Pier - Tu trouveras
54%
Ophélie Winter - Sache
33%
Kana - Plantation
5%
Aucun quiz correspondant
Distribution des résultats
% des personnes avec chaque résultat
Percentile par nombre de réponses
Votre historique - résultats
Vous n’avez pas pris ce quiz